000 00901nam a2200241Ia 4500
003 GCL
008 140319s9999 xx 000 0 ara d
020 _a1223405977
040 _aGCL /
_cGCL
082 0 4 _a616.855
_bح ن
100 1 _aحمدى على الفرماوى
245 1 0 _aنيوروسيكولوجيا - معالجة اللغة واضطرابات التخاطب :
_bموجهات تشخيصية وعلاجية واسرية /
_cحمدى على الفرماوى
260 _aالقاهرة :
_bمكتبة الانجلوالمصرية ،
_c2006
300 _a337 ص ؛
_c24 سم
650 0 4 _aعلم النفس اللغوى
650 0 4 _aالاطفال - لغة
650 0 4 _aالتلعثم
650 0 4 _aالنطق - عيوب
650 0 4 _aصعوبات التعلم
650 0 4 _aاللغة - تعليم وتدريس
650 0 4 _aاللغة - اضطرابات
942 _2ddc
_cBK
999 _c9805
_d9805